| 000 | 02437cam a22002174a 4500 | ||
|---|---|---|---|
| 005 | 20250605163505.0 | ||
| 008 | 250528s ||||||||||||||||||||||||d | ||
| 035 | _a20376 | ||
| 020 | _a9601203168 | ||
| 040 |
_aGR-AtMCL _bgre _dGR-AtMCL _eAACR2 |
||
| 245 | 1 |
_aΔιαφήμιση. _nΤόμος Α' Σχεδιασμός και Λειτουργία στα Πλαίσια της Επιχείρησης |
|
| 250 | _a2η | ||
| 260 |
_bUniversity Studio Press, _c1992 |
||
| 300 | _a288 | ||
| 505 | 0 | _aΠρολογος, Η Διαφήμιση στα Πλαίσια της Επιχείρησης, Σχεδίαση του Προγράμματος Μάρκετινγκ, Καθορισμός Διαφημιστικού Προυπολογισμού, Σχεδίαση της Διαφήμισης, Απεικόνιση - Οπτική Παρουσίαση, Διαμόρφωση Διαφημιστικού Κειμένου, Σχεδιασμός για την Επιλογή των Μέσων Μαζικής Επικοινωνία (Μ.Μ.Ε.), Έλεγχος και Αποτελεσματικότητα της Διαφήμισης, Όψεις του Πιθανού Μέλλοντος των Μέσων Μαζικής Επικοινωνίας (Μ.Μ.Ε.) στην Ελλάδα, Η Οργάνωση και η Λειτουργία των Διαφημιστικών Εταιριών - Γραφείων, Βιβλιογραφία. | |
| 520 | _aΠρολογος, Η Διαφήμιση στα Πλαίσια της Επιχείρησης, Σχεδίαση του Προγράμματος Μάρκετινγκ, Καθορισμός Διαφημιστικού Προυπολογισμού, Σχεδίαση της Διαφήμισης, Απεικόνιση - Οπτική Παρουσίαση, Διαμόρφωση Διαφημιστικού Κειμένου, Σχεδιασμός για την Επιλογή των Μέσων Μαζικής Επικοινωνία (Μ.Μ.Ε.), Έλεγχος και Αποτελεσματικότητα της Διαφήμισης, Όψεις του Πιθανού Μέλλοντος των Μέσων Μαζικής Επικοινωνίας (Μ.Μ.Ε.) στην Ελλάδα, Η Οργάνωση και η Λειτουργία των Διαφημιστικών Εταιριών - Γραφείων, Βιβλιογραφία. | ||
| 700 | 1 | _aΖώτος Γιώργος Χ | |
| 942 | _cBK | ||
| 999 |
_c5491 _d5491 |
||